Estadísticas médicas 1973 /

Uloženo v:
Podrobná bibliografie
Korporace: Caja Costarricense de Seguro Social, CCSS
Médium: Text
Vydáno: San José: C.C.S.S.
Témata:
Tagy: Přidat tag
Žádné tagy, Buďte první, kdo vytvoří štítek k tomuto záznamu!

MARC

LEADER 00000 a a2200000 04500
001 17854
003
040
090 |a 005600  
110 |a Caja Costarricense de Seguro Social  
245 |a Estadísticas médicas 1973 /  |c Caja Costarricense de Seguro Social  
260 |a San José:   |b C.C.S.S.  
300 |a 141 p  
650 |a ESTADISTICAS DE SALUD  
710 |a CCSS  
999 |c 1570  |d 1570